Making federation work (Record no. 3554)
[ view plain ]
| 000 -LEADER | |
|---|---|
| fixed length control field | 00564nam a22001457a 4500 |
| 020 ## - INTERNATIONAL STANDARD BOOK NUMBER | |
| International Standard Book Number | 9780199401857 |
| 082 ## - DEWEY DECIMAL CLASSIFICATION NUMBER | |
| Classification number | 320.95491 |
| 100 ## - MAIN ENTRY--PERSONAL NAME | |
| Personal name | Asma Faiz (Ed) |
| 245 ## - TITLE STATEMENT | |
| Title | Making federation work |
| 260 ## - PUBLICATION, DISTRIBUTION, ETC. | |
| Place of publication, distribution, etc. | Karachi |
| Name of publisher, distributor, etc. | Oxford university press |
| Date of publication, distribution, etc. | 2015 |
| 300 ## - PHYSICAL DESCRIPTION | |
| Extent | 354p |
| 942 ## - ADDED ENTRY ELEMENTS (KOHA) | |
| Koha item type | Book |
| Withdrawn status | Lost status | Damaged status | Not for loan | Collection code | Permanent Location | Current Location | Shelving location | Date acquired | Total Checkouts | Full call number | Barcode | Date last seen | Date last checked out | Price effective from | Koha item type | Total Renewals |
|---|---|---|---|---|---|---|---|---|---|---|---|---|---|---|---|---|
| Central Library (CL) | Central Library (CL) | General Stacks | 08/03/2016 | 1 | 320.95491 MAK | S3H-S-839 | 03/03/2025 | 10/08/2018 | 08/03/2016 | Book | ||||||
| Central Library (CL) | Central Library (CL) | General Stacks | 08/03/2016 | 1 | 320.95491 MAK | S3H-S-840 | 04/30/2019 | 10/03/2018 | 08/03/2016 | Book | 1 |
